[Event "XIV Festival A"]
[Site "Cesenatico ITA"]
[Date "2010.08.??"]
[Round "1"]
[White "Friedrich, Norbert"]
[Black "Gaiba, Paolo"]
[WhiteElo "2315"]
[BlackElo "2054"]
[Result "1-0"]
[PlyCount "77"]
[EventDate "2010.08.30"]

1. e4 e5 2. Nf3 Nc6 3. Bb5 Bc5 4. O-O Nge7 5. c3 a6 6. Ba4 O-O 7. d4 exd4 8.
cxd4 Ba7 9. d5 b5 10. Bc2 Na5 11. e5 d6 12. e6 fxe6 13. Ng5 g6 14. dxe6 Nf5 15.
Nc3 c6 16. Nf7 Rxf7 17. exf7+ Kxf7 18. Ne4 d5 19. Bg5 Qc7 20. Nc3 Qd6 21. Qf3
Kg8 22. Rae1 Be6 23. Bxf5 Bxf5 24. Re7 h6 25. Bh4 g5 26. Rfe1 Qg6 27. Bg3 Bc5
28. Nxd5 Rf8 29. Qc3 Nc4 30. b4 Bxf2+ 31. Bxf2 cxd5 32. Bd4 Rf7 33. Re8+ Rf8
34. R8e7 Rf7 35. Re8+ Rf8 36. Rxf8+ Kxf8 37. Qf3 Qf7 38. Rf1 Be6 39. Qh5 1-0

[Event "XIV Festival A"]
[Site "Cesenatico ITA"]
[Date "2010.08.??"]
[Round "1"]
[White "Haertl, Siegfried"]
[Black "Tocchioni, Doriano"]
[WhiteElo "2053"]
[BlackElo "2312"]
[Result "0-1"]
[PlyCount "34"]
[EventDate "2010.08.30"]

1. d4 c5 2. e3 g6 3. c4 Bg7 4. Nc3 Nf6 5. Nf3 O-O 6. Be2 cxd4 7. exd4 d5 8. O-O
Nc6 9. h3 Bf5 10. Ne5 Rc8 11. Nxc6 Rxc6 12. cxd5 Nxd5 13. g4 Rxc3 14. bxc3 Nxc3
15. Qe1 Bxd4 16. Bh6 Be4 17. Bc4 Qc7 0-1

[Event "XIV Festival A"]
[Site "Cesenatico ITA"]
[Date "2010.08.??"]
[Round "1"]
[White "Pipitone, Antonio"]
[Black "Drei, Andrea"]
[WhiteElo "2044"]
[BlackElo "2254"]
[Result "0-1"]
[PlyCount "70"]
[EventDate "2010.08.30"]

1. e4 c5 2. Nf3 a6 3. c4 e6 4. Nc3 Qc7 5. d4 cxd4 6. Nxd4 Nf6 7. Bd3 d6 8. Be3
Nbd7 9. f4 Be7 10. Rc1 b6 11. O-O Bb7 12. b4 h5 13. h3 Rc8 14. Qf3 g5 15. fxg5
Ne5 16. Qe2 Nfd7 17. Nb1 Nxd3 18. Qxd3 Ne5 19. Qc2 Qd8 20. h4 Rxc4 21. Qa4+ Qd7
22. Qa3 O-O 23. Nd2 Rxc1 24. Rxc1 Rc8 25. N4f3 Nxf3+ 26. gxf3 d5 27. Bxb6 Rxc1+
28. Qxc1 Bxb4 29. Qb2 Qd6 30. Bf2 dxe4 31. Nxe4 Qd1+ 32. Kh2 Bxe4 33. fxe4 Qf3
34. Qf6 Qxf6 35. gxf6 Bc3 0-1

[Event "XIV Festival A"]
[Site "Cesenatico ITA"]
[Date "2010.08.??"]
[Round "1"]
[White "Lain, Luigi"]
[Black "Singeisen, Hermann"]
[WhiteElo "2218"]
[BlackElo "2042"]
[Result "1-0"]
[PlyCount "47"]
[EventDate "2010.08.30"]

1. d4 Nf6 2. c4 g6 3. Nc3 d5 4. cxd5 Nxd5 5. e4 Nxc3 6. bxc3 Bg7 7. Bc4 O-O 8.
Ne2 c5 9. Be3 Nc6 10. Rc1 Na5 11. Bd3 c4 12. Bb1 Bg4 13. f3 Bd7 14. h4 h5 15.
e5 Nc6 16. Nf4 e6 17. g4 hxg4 18. fxg4 Ne7 19. h5 Bc6 20. Rh2 Nd5 21. Nxd5 Qxd5
22. h6 Bxe5 23. dxe5 Qxe5 24. Qd4 1-0

[Event "XIV Festival A"]
[Site "Cesenatico ITA"]
[Date "2010.08.??"]
[Round "2"]
[White "Cordova, Emilio"]
[Black "Friedrich, Norbert"]
[WhiteElo "2560"]
[BlackElo "2315"]
[Result "1-0"]
[PlyCount "47"]
[EventDate "2010.08.30"]

1. d4 d5 2. Nf3 Nf6 3. c4 c6 4. e3 e6 5. Nbd2 Nbd7 6. Bd3 Be7 7. O-O O-O 8. Qe2
b6 9. e4 dxe4 10. Nxe4 Bb7 11. Rd1 Nxe4 12. Qxe4 Nf6 13. Qh4 Re8 14. Ne5 g6 15.
Qf4 Qc7 16. Nxg6 Qxf4 17. Nxe7+ Rxe7 18. Bxf4 Rd7 19. Bc2 Rad8 20. Bg5 Kg7 21.
Rd3 c5 22. Bh4 Be4 23. Rg3+ Bg6 24. Rf3 1-0

[Event "XIV Festival A"]
[Site "Cesenatico ITA"]
[Date "2010.08.31"]
[Round "2"]
[White "Petkov, Vladimir"]
[Black "Damia, Angelo"]
[WhiteElo "2496"]
[BlackElo "2281"]
[Result "1-0"]
[PlyCount "115"]
[EventDate "2010.08.30"]

1. Nf3 Nf6 2. c4 c6 3. Nc3 d5 4. e3 g6 5. d4 Bg7 6. Be2 O-O 7. O-O Bf5 8. cxd5
Nxd5 9. Qb3 Nb6 10. Rd1 Be6 11. Qc2 Bc4 12. e4 Na6 13. Bxc4 Nxc4 14. Qe2 Nb6
15. Be3 e6 16. h4 Qe7 17. h5 gxh5 18. e5 f5 19. exf6 Bxf6 20. Ne5 Bxe5 21. dxe5
Nd5 22. Nxd5 cxd5 23. Qxh5 Rf5 24. Qh3 Qf7 25. Rac1 Qh5 26. Qxh5 Rxh5 27. f4
Rf5 28. g4 Rf7 29. Kg2 Nb4 30. a3 Nc6 31. Rh1 Rg7 32. Kg3 Rf8 33. Bc5 Rff7 34.
b4 a6 35. a4 Rg6 36. b5 axb5 37. axb5 Na5 38. Ra1 Nb3 39. Ra8+ Kg7 40. Bb6 Nd2
41. Rb8 Ne4+ 42. Kf3 Nd2+ 43. Ke2 Ne4 44. Rh4 Rd7 45. Ke3 h6 46. Rc8 Kh7 47.
Bd4 Rdg7 48. f5 exf5 49. e6 Nd6 50. Bxg7 Nxc8 51. gxf5 Rxg7 52. Rf4 Rg8 53. f6
Rf8 54. Kd4 Kg6 55. Ke5 h5 56. e7 Re8 57. Ke6 Kg5 58. Rd4 1-0

[Event "XIV Festival A"]
[Site "Cesenatico ITA"]
[Date "2010.08.??"]
[Round "2"]
[White "Drei, Andrea"]
[Black "Levin, Felix"]
[WhiteElo "2254"]
[BlackElo "2472"]
[Result "0-1"]
[PlyCount "78"]
[EventDate "2010.08.30"]

1. e4 c6 2. Nc3 d5 3. Nf3 a6 4. a4 Bg4 5. h3 Bh5 6. Be2 e6 7. O-O Nf6 8. d3 Be7
9. Nd2 Bxe2 10. Qxe2 c5 11. f4 Nc6 12. e5 Nd4 13. Qd1 Nd7 14. Nf3 g6 15. Nxd4
cxd4 16. Ne2 Bc5 17. a5 Nb8 18. Bd2 Nc6 19. Qb1 Qe7 20. Ra4 Qd7 21. b4 Ne7 22.
Ra2 Ba7 23. Qb2 Nf5 24. Rb1 Rc8 25. b5 Bc5 26. Kh2 h5 27. Be1 O-O 28. Bf2 f6
29. Nxd4 fxe5 30. fxe5 axb5 31. Nxf5 Bxf2 32. Nd6 Rc6 33. d4 Rxd6 34. exd6
Qxd6+ 35. Kh1 Be3 36. Ra3 Qg3 37. Qb3 Rf2 38. Rg1 Rxg2 39. Rxg2 Qxh3+ 0-1

[Event "XIV Festival A"]
[Site "Cesenatico ITA"]
[Date "2010.08.??"]
[Round "2"]
[White "Lupik, Marina"]
[Black "Marholev, Dimitar"]
[WhiteElo "2216"]
[BlackElo "2428"]
[Result "0-1"]
[PlyCount "116"]
[EventDate "2010.08.30"]

1. e4 e5 2. Nf3 Nc6 3. Bc4 Nf6 4. Ng5 d5 5. exd5 Na5 6. Bb5+ Bd7 7. Qe2 Be7 8.
Nc3 c6 9. dxc6 Nxc6 10. O-O O-O 11. Bxc6 Bxc6 12. d3 Nd7 13. Nf3 Bd6 14. Ne4
Bc7 15. b3 f5 16. Ng3 Qf6 17. Bb2 Rae8 18. Rfe1 Kh8 19. d4 e4 20. Nh5 Qh6 21.
Ng3 Nf6 22. Ne5 f4 23. Nf1 Bxe5 24. dxe5 Nd7 25. b4 Qg6 26. g3 Nxe5 27. Bxe5
Rxe5 28. c4 e3 29. b5 fxg3 30. fxg3 Rf2 31. bxc6 Qe4 32. Qxf2 exf2+ 33. Kxf2
Rf5+ 34. Kg1 Qxc6 35. Rad1 h6 36. Ne3 Re5 37. Rd5 Re8 38. Rf5 Qb6 39. Kf2 Kh7
40. Rf4 Re5 41. Re2 Qb1 42. Kg2 Ra5 43. Rff2 Qe4+ 44. Kg1 Qd3 45. Ng4 Qxc4 46.
Ne5 Qd4 47. Nf3 Qd1+ 48. Re1 Qd6 49. Nh4 Re5 50. Rxe5 Qxe5 51. Nf3 Qe3 52. Kg2
b5 53. Nd2 a5 54. Nb3 a4 55. Nd2 b4 56. Kg1 b3 57. axb3 a3 58. Nc4 Qxf2+ 0-1

[Event "XIV Festival A"]
[Site "Cesenatico ITA"]
[Date "2010.08.??"]
[Round "2"]
[White "Roeder, Matthias"]
[Black "Lain, Luigi"]
[WhiteElo "2392"]
[BlackElo "2218"]
[Result "1-0"]
[PlyCount "63"]
[EventDate "2010.08.30"]

1. Nf3 d5 2. c4 d4 3. g3 c5 4. Bg2 Nc6 5. O-O e5 6. d3 Bd6 7. e3 Nge7 8. Ng5
O-O 9. Ne4 Be6 10. Na3 f5 11. Nxd6 Qxd6 12. exd4 cxd4 13. f4 Ng6 14. Re1 Rae8
15. Qf3 e4 16. dxe4 Qb4 17. Qd1 fxe4 18. Bxe4 Bg4 19. Bd2 Qxb2 20. Qc1 Qb6 21.
Nb5 Rxe4 22. Rxe4 a6 23. Nd6 Qc5 24. Nxb7 Qh5 25. Qe1 Bf3 26. Re8 Nce7 27. Qe6+
Kh8 28. Rxf8+ Nxf8 29. Qxe7 Kg8 30. Bb4 h6 31. Qxf8+ Kh7 32. Nd6 1-0

[Event "XIV Festival A"]
[Site "Cesenatico ITA"]
[Date "2010.08.??"]
[Round "2"]
[White "Klocker, Benedikt"]
[Black "Sveshnikov, Vladimir"]
[WhiteElo "2211"]
[BlackElo "2391"]
[Result "1/2-1/2"]
[PlyCount "43"]
[EventDate "2010.08.30"]

1. e4 Nf6 2. e5 Nd5 3. d4 d6 4. c4 Nb6 5. exd6 exd6 6. Nf3 Be7 7. Nc3 Bg4 8.
Be2 O-O 9. O-O Re8 10. h3 Bh5 11. b3 N8d7 12. Ne4 Bg6 13. Bd3 d5 14. Ng3 c5 15.
cxd5 Nxd5 16. Nf5 Bf6 17. Bb2 Nf4 18. Bc2 Nb6 19. Re1 Qd7 20. Ne3 Bxc2 21. Qxc2
cxd4 22. Ng4 1/2-1/2

[Event "XIV Festival A"]
[Site "Cesenatico ITA"]
[Date "2010.08.??"]
[Round "2"]
[White "Vuelban, Virgilio"]
[Black "Schaefer, Michael"]
[WhiteElo "2358"]
[BlackElo "2215"]
[Result "0-1"]
[PlyCount "50"]
[EventDate "2010.08.30"]

1. e4 c5 2. Nf3 Nc6 3. d4 cxd4 4. Nxd4 Nf6 5. Nc3 e5 6. Ndb5 h6 7. Be3 d6 8.
Nd5 Nxd5 9. exd5 Ne7 10. c3 Ng6 11. Qa4 Bd7 12. Qb4 Qb8 13. Qa5 Ke7 14. Nxa7 f5
15. f3 Kf7 16. b4 Be7 17. b5 Bg5 18. Bg1 e4 19. fxe4 Re8 20. Kd1 Rxe4 21. Bd3
Be3 22. b6 Ra4 23. Qxa4 Bxa4+ 24. Ke2 Qe8 25. Bxe3 f4 0-1

[Event "XIV Festival A"]
[Site "Cesenatico ITA"]
[Date "2010.08.??"]
[Round "2"]
[White "Dittmar, Peter"]
[Black "Stips, Felix"]
[WhiteElo "2326"]
[BlackElo "2206"]
[Result "1/2-1/2"]
[PlyCount "51"]
[EventDate "2010.08.30"]

1. c4 e5 2. g3 Nf6 3. Bg2 d5 4. cxd5 Nxd5 5. Nf3 Nc6 6. O-O Be7 7. d4 exd4 8.
Nxd4 Nxd4 9. Qxd4 Nf6 10. Qxd8+ Bxd8 11. Nc3 c6 12. b4 O-O 13. Rb1 Be6 14. Bf4
Be7 15. b5 Nd5 16. Nxd5 cxd5 17. Rfd1 Rfd8 18. Be5 Bc5 19. Bd4 Rac8 20. h4 Kf8
21. Bf3 b6 22. Rb3 Bxd4 23. Rxd4 Rc4 24. Rbd3 Rxd4 25. Rxd4 Ke7 26. e3 1/2-1/2

[Event "XIV Festival A"]
[Site "Cesenatico ITA"]
[Date "2010.08.??"]
[Round "2"]
[White "Barlocco, Carlo"]
[Black "Salvador, Roland"]
[WhiteElo "2183"]
[BlackElo "2498"]
[Result "0-1"]
[PlyCount "70"]
[EventDate "2010.08.30"]

1. d4 d5 2. Nf3 c6 3. c3 Bg4 4. Ne5 Bf5 5. g4 Be6 6. h3 f6 7. Nd3 Nd7 8. Bg2
Bf7 9. f4 e6 10. Nd2 h5 11. e4 hxg4 12. hxg4 Rxh1+ 13. Bxh1 Qb6 14. Qe2 O-O-O
15. b3 c5 16. Bb2 cxd4 17. cxd4 Qa5 18. a3 Kb8 19. b4 Qb6 20. Nb3 dxe4 21. Qxe4
f5 22. Qg2 e5 23. Nbc5 e4 24. Nxd7+ Rxd7 25. Ne5 Rc7 26. gxf5 Bd5 27. Rc1 Nf6
28. Qh3 Rxc1+ 29. Bxc1 Qxd4 30. Qe3 Qa1 31. Bg2 Bd6 32. Ng6 Bc7 33. Bf1 Bb6 34.
Qd2 Bd4 35. Qd1 Qc3+ 0-1

[Event "XIV Festival A"]
[Site "Cesenatico ITA"]
[Date "2010.08.??"]
[Round "2"]
[White "Meijers, Viesturs"]
[Black "Gori, Andrea"]
[WhiteElo "2474"]
[BlackElo "2122"]
[Result "1-0"]
[PlyCount "99"]
[EventDate "2010.08.30"]

1. e4 e5 2. Nf3 Nc6 3. Bb5 Nd4 4. Nxd4 exd4 5. O-O Nf6 6. e5 Nd5 7. c3 dxc3 8.
bxc3 Nb6 9. d4 c6 10. Bd3 d5 11. Nd2 Be6 12. f4 f5 13. exf6 Qxf6 14. f5 Bf7 15.
Re1+ Kd8 16. Nf3 h6 17. Ne5 Be7 18. Bf4 Be8 19. a4 Nc4 20. a5 Rf8 21. Qb3 Nd6
22. Nf3 Bd7 23. Rxe7 Qxe7 24. Re1 Qf6 25. Be5 Qe7 26. Bg3 Ne4 27. Qxb7 Rc8 28.
Bh4 Rf6 29. Qxa7 Bxf5 30. Bxf6 gxf6 31. Qxe7+ Kxe7 32. Nd2 Ra8 33. Nxe4 dxe4
34. Bxe4 Bxe4 35. Rxe4+ Kf7 36. d5 cxd5 37. Ra4 Ra6 38. Kf2 Ke6 39. Ke3 Ke5 40.
g3 f5 41. Kd3 h5 42. Ke3 Rc6 43. Kd2 Ra6 44. Kd3 h4 45. gxh4 Kd6 46. Ke3 Ke5
47. h5 Rc6 48. Ra3 Ra6 49. Kf3 f4 50. h6 1-0

[Event "XIV Festival A"]
[Site "Cesenatico ITA"]
[Date "2010.08.??"]
[Round "2"]
[White "Shalnev, Nikolai"]
[Black "Massironi, Marco"]
[WhiteElo "2436"]
[BlackElo "2139"]
[Result "1/2-1/2"]
[PlyCount "28"]
[EventDate "2010.08.30"]

1. e4 c5 2. Nf3 d6 3. d4 cxd4 4. Nxd4 Nf6 5. Nc3 a6 6. g3 e5 7. Nde2 Nbd7 8.
Bg2 b5 9. h3 Bb7 10. g4 Nb6 11. Nd5 Nfxd5 12. exd5 g6 13. Ng3 Bg7 14. O-O O-O
1/2-1/2

[Event "XIV Festival A"]
[Site "Cesenatico ITA"]
[Date "2010.08.??"]
[Round "2"]
[White "Facchetti, Gianni"]
[Black "Bonacci, Mauro"]
[WhiteElo "2151"]
[BlackElo "2198"]
[Result "1/2-1/2"]
[PlyCount "111"]
[EventDate "2010.08.30"]

1. e4 c5 2. Nf3 d6 3. d4 cxd4 4. Qxd4 a6 5. Be3 Nf6 6. Nc3 Nc6 7. Qd2 e6 8. Nd4
Bd7 9. Nxc6 Bxc6 10. f3 d5 11. exd5 Nxd5 12. Nxd5 Qxd5 13. Qxd5 Bxd5 14. c4 Bc6
15. O-O-O Be7 16. Be2 O-O 17. Bb6 Rfc8 18. Kb1 e5 19. Bd3 g6 20. Rhe1 f6 21.
Be4 Bb4 22. Re2 Bxe4+ 23. Rxe4 Rc6 24. Bd8 Kf7 25. Rd7+ Ke6 26. Rxb7 a5 27. Rb6
Ra6 28. Rxc6+ Rxc6 29. a3 f5 30. Re2 Bd6 31. Bxa5 Rxc4 32. Bc3 e4 33. fxe4 fxe4
34. Kc2 Kf5 35. Kb3 Rc8 36. h3 Bc5 37. a4 e3 38. Kc2 Ke4 39. a5 Bb4 40. a6 Bxc3
41. bxc3 Ra8 42. c4 Rxa6 43. Kc3 Ra3+ 44. Kb4 Ra1 45. Kc3 Rc1+ 46. Rc2 Ra1 47.
c5 Ra8 48. Rb2 Kd5 49. Kd3 Ra3+ 50. Ke2 Kxc5 51. Rb7 Kd4 52. Rb4+ Ke5 53. Kf3
Kf5 54. Rb5+ Kf6 55. h4 h5 56. Rb6+ 1/2-1/2

[Event "XIV Festival A"]
[Site "Cesenatico ITA"]
[Date "2010.08.??"]
[Round "2"]
[White "Ricchi, Luca"]
[Black "Brunner, Werner"]
[WhiteElo "1994"]
[BlackElo "2149"]
[Result "1/2-1/2"]
[PlyCount "28"]
[EventDate "2010.08.30"]

1. d4 Nf6 2. c4 e6 3. Nc3 Bb4 4. a3 Bxc3+ 5. bxc3 b6 6. Bg5 h6 7. Bh4 Nc6 8.
Nf3 Na5 9. e3 Ba6 10. Nd2 d6 11. Qf3 g5 12. Bg3 Bb7 13. e4 Qe7 14. Bd3 O-O-O
1/2-1/2

[Event "XIV Festival A"]
[Site "Cesenatico ITA"]
[Date "2010.08.??"]
[Round "2"]
[White "Rotoni, Matteo"]
[Black "Pascucci, Marco"]
[WhiteElo "2148"]
[BlackElo "2021"]
[Result "1/2-1/2"]
[PlyCount "90"]
[EventDate "2010.08.30"]

1. e4 e6 2. d4 d5 3. e5 c5 4. c3 Nc6 5. Nf3 Nh6 6. Bd3 cxd4 7. cxd4 Nf5 8. Be3
Be7 9. Nc3 O-O 10. O-O Nxe3 11. fxe3 f6 12. exf6 Bxf6 13. Qc2 h6 14. Qe2 Qd6
15. Rad1 Qe7 16. Bb1 g5 17. h3 Qg7 18. Nh2 Bd7 19. Kh1 Be8 20. Ng4 Be7 21.
Rxf8+ Bxf8 22. Rf1 Be7 23. Qc2 h5 24. Ne5 Nxe5 25. dxe5 Rc8 26. Qd3 a6 27. Rf3
b5 28. a3 Rc4 29. Ba2 Bg6 30. Qd2 Rc8 31. e4 Qxe5 32. exd5 g4 33. Re3 Qf4 34.
Qe1 gxh3 35. Rxh3 Rf8 36. Rf3 Qg5 37. Rxf8+ Kxf8 38. dxe6 Bd6 39. Nd5 Be4 40.
Qf2+ Bf5 41. Ne3 Bf4 42. Nd5 Bd6 43. e7+ Ke8 44. Ne3 Bf4 45. Nxf5 Qxf5 1/2-1/2

[Event "XIV Festival A"]
[Site "Cesenatico ITA"]
[Date "2010.08.??"]
[Round "3"]
[White "Levin, Felix"]
[Black "Cordova, Emilio"]
[WhiteElo "2472"]
[BlackElo "2560"]
[Result "1/2-1/2"]
[PlyCount "45"]
[EventDate "2010.08.30"]

1. Nf3 Nf6 2. c4 e6 3. g3 b6 4. Bg2 Bb7 5. O-O c5 6. Nc3 a6 7. d4 cxd4 8. Qxd4
d6 9. Rd1 Be7 10. Be3 Nbd7 11. Qd2 O-O 12. Bf4 Ne8 13. Rac1 Rc8 14. b3 Qc7 15.
Qe3 e5 16. Bh3 Rd8 17. Nd5 Bxd5 18. cxd5 Qb7 19. Bg5 f6 20. Bh6 gxh6 21. Be6+
Kh8 22. Nh4 Rg8 23. Nf5 1/2-1/2

[Event "XIV Festival A"]
[Site "Cesenatico ITA"]
[Date "2010.08.??"]
[Round "3"]
[White "Sveshnikov, Evgeny E."]
[Black "Roeder, Matthias"]
[WhiteElo "2487"]
[BlackElo "2392"]
[Result "1-0"]
[PlyCount "121"]
[EventDate "2010.08.30"]

1. e4 c6 2. d4 d5 3. exd5 cxd5 4. c4 Nf6 5. Nc3 Nc6 6. Nf3 Bg4 7. cxd5 Nxd5 8.
Qb3 Bxf3 9. gxf3 e6 10. Qxb7 Nxd4 11. Bb5+ Nxb5 12. Qc6+ Ke7 13. Qxb5 Qd7 14.
Nxd5+ Qxd5 15. Bg5+ f6 16. Qxd5 exd5 17. Be3 Ke6 18. O-O-O Bb4 19. a3 Rac8+ 20.
Kb1 Bc5 21. Rhe1 Bxe3 22. Rxe3+ Kd6 23. Rde1 Rc4 24. Re6+ Kc5 25. Re7 a5 26.
Rxg7 Rf4 27. Ra7 Kb6 28. Rf7 Rxf3 29. Re6+ Kc5 30. Ra7 Rxf2 31. Rxa5+ Kd4 32.
Rd6 Rf5 33. Rb5 Ra8 34. Ka2 Kc4 35. Rb4+ Kc5 36. Rbb6 Kc4 37. Rbc6+ Kd3 38. Rc1
Kd4 39. Rd1+ Kc5 40. Rd7 Kc6 41. Rxh7 Rf2 42. Rc1+ Kd6 43. Rb7 Ra6 44. h4 Ra4
45. Rb6+ Ke5 46. Rcc6 f5 47. Re6+ Kd4 48. Rb5 Kc4 49. Rb7 Kd3 50. Rb3+ Kd4 51.
Rh3 Ra8 52. Rb6 Rg8 53. a4 Rg1 54. h5 Rff1 55. h6 Kc4 56. Rc3+ Kd4 57. Rb4+ Ke5
58. Re3+ Kd6 59. Rh3 Rg8 60. h7 Rh8 61. Rb6+ 1-0

[Event "XIV Festival A"]
[Site "Cesenatico ITA"]
[Date "2010.08.??"]
[Round "3"]
[White "Schaefer, Michael"]
[Black "Meijers, Viesturs"]
[WhiteElo "2215"]
[BlackElo "2474"]
[Result "1/2-1/2"]
[PlyCount "77"]
[EventDate "2010.08.30"]

1. g3 c5 2. Bg2 Nc6 3. c4 b6 4. Nc3 Bb7 5. Nf3 Ne5 6. b3 Nxf3+ 7. Bxf3 Bxf3 8.
exf3 g6 9. d4 Bg7 10. Be3 Nh6 11. g4 f5 12. Qd2 cxd4 13. Bxd4 e5 14. Qe2 O-O
15. Be3 e4 16. Qd2 f4 17. Bd4 e3 18. Qd3 exf2+ 19. Bxf2 Qf6 20. Rc1 Rae8+ 21.
Kf1 Qc6 22. Nd5 Re5 23. Kg2 Qe6 24. h3 Kh8 25. Rhe1 d6 26. Rcd1 Qc8 27. Bd4
Rxe1 28. Bxg7+ Kxg7 29. Rxe1 Nf7 30. Re7 Re8 31. Qd4+ Kf8 32. Qf6 Rxe7 33.
Qxe7+ Kg7 34. Nxf4 g5 35. Nd5 b5 36. Qf6+ Kf8 37. Qe7+ Kg7 38. Qf6+ Kf8 39.
Qe7+ 1/2-1/2

[Event "XIV Festival A"]
[Site "Cesenatico ITA"]
[Date "2010.08.??"]
[Round "3"]
[White "Salvador, Roland"]
[Black "Dittmar, Peter"]
[WhiteElo "2498"]
[BlackElo "2326"]
[Result "1/2-1/2"]
[PlyCount "68"]
[EventDate "2010.08.30"]

1. d4 Nf6 2. c4 e6 3. Nc3 Bb4 4. Qc2 Nc6 5. e3 O-O 6. Bd2 d6 7. a3 Bxc3 8. Bxc3
e5 9. O-O-O exd4 10. exd4 d5 11. Nf3 Bg4 12. Be2 Ne4 13. Be1 Re8 14. cxd5 Qxd5
15. Bc4 Qf5 16. Be2 Nxf2 17. Qxf5 Bxf5 18. Bxf2 Rxe2 19. Rd2 Rae8 20. Bg3 Rxd2
21. Kxd2 Bg4 22. Rc1 Bxf3 23. gxf3 Rd8 24. Ke3 Rd7 25. b4 Nxd4 26. Bxc7 f5 27.
Be5 Nc6 28. Bb2 Kf7 29. h4 Ne7 30. Kf4 Rd2 31. Be5 Rd3 32. Bb2 Rd2 33. Be5 Rd3
34. Bb2 Rd2 1/2-1/2

[Event "XIV Festival A"]
[Site "Cesenatico ITA"]
[Date "2010.08.??"]
[Round "3"]
[White "Sveshnikov, Vladimir"]
[Black "Calavalle, Giulio"]
[WhiteElo "2391"]
[BlackElo "2201"]
[Result "1-0"]
[PlyCount "51"]
[EventDate "2010.08.30"]

1. e4 e6 2. d4 d5 3. exd5 exd5 4. Nf3 Bg4 5. h3 Bh5 6. Nc3 c6 7. Qe2+ Qe7 8.
Be3 Nd7 9. O-O-O O-O-O 10. g4 Bg6 11. Bg2 Ngf6 12. Nd2 Re8 13. g5 Ng8 14. Qf3
Qe6 15. Rde1 Qf5 16. Qd1 f6 17. h4 fxg5 18. Bh3 Qf7 19. Nf3 Bf5 20. Nxg5 Qf6
21. Bf4 Rxe1 22. Rxe1 Be7 23. Bxf5 Qxf5 24. Qd2 h6 25. Ne6 Bxh4 26. Nb5 1-0

[Event "XIV Festival A"]
[Site "Cesenatico ITA"]
[Date "2010.08.??"]
[Round "3"]
[White "De Santis, Alessio"]
[Black "Klocker, Benedikt"]
[WhiteElo "2348"]
[BlackElo "2211"]
[Result "1-0"]
[PlyCount "54"]
[EventDate "2010.08.30"]

1. b3 d5 2. Bb2 Nf6 3. Nf3 c5 4. e3 Nc6 5. Bb5 Bd7 6. O-O e6 7. Bxc6 Bxc6 8.
Ne5 Bb5 9. d3 Bd6 10. c4 Ba6 11. f4 b6 12. Rf3 Bb7 13. Rg3 Rg8 14. Nd2 Qc7 15.
cxd5 exd5 16. b4 O-O-O 17. bxc5 bxc5 18. Rc1 Kb8 19. Nb3 Ka8 20. Nxc5 Bxc5 21.
Bd4 Nd7 22. Nxd7 Qxd7 23. Rxc5 f6 24. Ra5 a6 25. Qb3 Rge8 26. Qb6 Bc8 27. Rxd5
Rh8 1-0

[Event "XIV Festival A"]
[Site "Cesenatico ITA"]
[Date "2010.08.??"]
[Round "3"]
[White "Stips, Felix"]
[Black "Shalnev, Nikolai"]
[WhiteElo "2206"]
[BlackElo "2436"]
[Result "1/2-1/2"]
[PlyCount "62"]
[EventDate "2010.08.30"]

1. Nf3 c5 2. c4 Nf6 3. Nc3 d5 4. cxd5 Nxd5 5. d4 cxd4 6. Qxd4 Nxc3 7. Qxc3 Nc6
8. e4 Bd7 9. Be2 Qa5 10. Bd2 Qxc3 11. Bxc3 f6 12. O-O e5 13. Rfd1 Bb4 14. Bxb4
Nxb4 15. a3 Nc6 16. h3 Rc8 17. Rac1 Ke7 18. b4 Be6 19. Bb5 Rhd8 20. Rxd8 Nxd8
21. Rxc8 Bxc8 22. Bc4 Be6 23. Nd2 Bxc4 24. Nxc4 Nc6 25. Kf1 Nd4 26. Ke1 b5 27.
Na5 Nc2+ 28. Kd2 Nxa3 29. Kc3 Nb1+ 30. Kc2 Na3+ 31. Kb3 Nb1 1/2-1/2

[Event "XIV Festival A"]
[Site "Cesenatico ITA"]
[Date "2010.08.??"]
[Round "3"]
[White "Haertl, Siegfried"]
[Black "Vuelban, Virgilio"]
[WhiteElo "2053"]
[BlackElo "2358"]
[Result "1/2-1/2"]
[PlyCount "85"]
[EventDate "2010.08.30"]

1. d4 Nf6 2. Nf3 g6 3. c4 Bg7 4. Nc3 d6 5. e4 O-O 6. Be2 e5 7. O-O Nc6 8. d5
Ne7 9. h3 Ne8 10. b4 f5 11. c5 Nf6 12. exf5 Nxf5 13. Bc4 h6 14. Rb1 g5 15. Nd2
Nd4 16. Nde4 Nxe4 17. Nxe4 Bf5 18. f3 Qe7 19. Bb2 Kh8 20. cxd6 cxd6 21. Bxd4
exd4 22. Re1 Be5 23. Rc1 Qg7 24. Bd3 Bf4 25. Rc4 Be3+ 26. Nf2 Qe5 27. Bxf5 Rxf5
28. Kf1 Qxd5 29. Qd3 Raf8 30. Rc7 R5f7 31. Rxf7 Qxf7 32. Ng4 Qxa2 33. Nxe3 dxe3
34. Rxe3 Qa1+ 35. Re1 Qf6 36. Qd5 Kg7 37. Qxb7+ Rf7 38. Qd5 Re7 39. Rd1 Rd7 40.
Re1 Re7 41. Rd1 Rd7 42. Re1 Re7 43. Rd1 1/2-1/2

[Event "XIV Festival A"]
[Site "Cesenatico ITA"]
[Date "2010.08.??"]
[Round "3"]
[White "Friedrich, Norbert"]
[Black "Gazzarri, Alberto"]
[WhiteElo "2315"]
[BlackElo "2063"]
[Result "1-0"]
[PlyCount "85"]
[EventDate "2010.08.30"]

1. e4 e5 2. Nf3 Nc6 3. Bb5 Bc5 4. O-O Nd4 5. Nxd4 Bxd4 6. c3 Bb6 7. d4 c6 8.
Ba4 d6 9. Na3 Nf6 10. Bg5 h6 11. Bxf6 Qxf6 12. d5 Bd7 13. Nc4 Bc7 14. dxc6 bxc6
15. Qd3 O-O 16. Rad1 Rad8 17. Ne3 g6 18. Rd2 Qg5 19. Rfd1 f5 20. exf5 gxf5 21.
Bxc6 f4 22. Bxd7 Rxd7 23. Nd5 f3 24. g3 Bd8 25. Re1 Kh8 26. Re4 Rg7 27. Rd1 h5
28. Kh1 Qf5 29. Re3 Qg4 30. Qe4 Bg5 31. Qxg4 hxg4 32. Re4 Bd8 33. Ne3 Bb6 34.
Nxg4 Rg6 35. Kg1 Rf5 36. Ne3 Rh5 37. Nc4 Bc7 38. Rd3 Rgh6 39. h4 Rg6 40. Kf1
Rf5 41. Ne3 Rf7 42. Nd5 Bd8 43. Rc4 1-0

[Event "XIV Festival A"]
[Site "Cesenatico ITA"]
[Date "2010.08.??"]
[Round "3"]
[White "Lucchi, Lorenzo"]
[Black "Tocchioni, Doriano"]
[WhiteElo "2075"]
[BlackElo "2312"]
[Result "1/2-1/2"]
[PlyCount "151"]
[EventDate "2010.08.30"]

1. e4 Nc6 2. Nf3 d6 3. d4 Nf6 4. Nc3 Bg4 5. d5 Nb8 6. Be3 g6 7. Qd2 Bxf3 8.
gxf3 Nbd7 9. O-O-O c5 10. Bh6 Bxh6 11. Qxh6 a6 12. f4 Qc7 13. Bh3 O-O-O 14.
Rhe1 Kb8 15. Qg5 h6 16. Qg3 g5 17. Bxd7 Qxd7 18. fxg5 hxg5 19. e5 Rh3 20. Qxg5
Rg8 21. Qf4 Rg4 22. Qd2 dxe5 23. Qe2 e4 24. f3 exf3 25. Qxe7 f2 26. Qe5+ Ka7
27. Rf1 Rf3 28. d6 Rf5 29. Qe3 Rgf4 30. Nd5 Nxd5 31. Rxd5 Rxd5 32. Qxf4 Qxd6
33. Qxd6 Rxd6 34. Rxf2 Rh6 35. Kd2 Rh3 36. Ke2 Kb6 37. Kf1 Rh7 38. Kg2 Kc6 39.
Kg3 Rg7+ 40. Kf4 Kd6 41. h4 Ke6 42. Re2+ Kf6 43. Re5 b6 44. Rf5+ Ke6 45. Rg5
Rh7 46. h5 f6 47. Rg8 Rxh5 48. Rb8 Rh4+ 49. Ke3 Rb4 50. b3 Ke5 51. c4 b5 52.
cxb5 Rxb5 53. Re8+ Kd5 54. Rf8 Rb6 55. Kd3 Rd6 56. a4 Kc6+ 57. Kc4 Rd4+ 58. Kc3
Rf4 59. Rb8 f5 60. Rc8+ Kb6 61. Rb8+ Kc7 62. Ra8 Kb7 63. Rf8 Kc6 64. Rc8+ Kd5
65. Rd8+ Ke4 66. Kc4 Rf1 67. Re8+ Kf3 68. Kxc5 Rc1+ 69. Kb4 Rc6 70. Ka5 f4 71.
Rf8 Ke3 72. b4 f3 73. b5 Rc1 74. Re8+ Kd4 75. Rd8+ Ke4 76. Re8+ 1/2-1/2

[Event "XIV Festival A"]
[Site "Cesenatico ITA"]
[Date "2010.08.??"]
[Round "3"]
[White "Damia, Angelo"]
[Black "Gaiba, Paolo"]
[WhiteElo "2281"]
[BlackElo "2054"]
[Result "1-0"]
[PlyCount "73"]
[EventDate "2010.08.30"]

1. e4 e5 2. Nc3 Bc5 3. Bc4 Nf6 4. d3 O-O 5. Bg5 Nc6 6. Nd5 Bxf2+ 7. Kxf2 Nxe4+
8. dxe4 Qxg5 9. Nf3 Qh6 10. Re1 Kh8 11. Kg1 Rb8 12. Qd2 Qd6 13. Ne3 Qe7 14. Bb3
d6 15. Nd5 Qd8 16. Qg5 f6 17. Qh5 Bd7 18. Rf1 Be8 19. Qg4 Bd7 20. Qh4 Na5 21.
Ne3 Nxb3 22. axb3 c6 23. Rfd1 Be6 24. Qf2 a6 25. Rd2 Qc7 26. Rad1 Rbd8 27. c4
Rd7 28. Nh4 Rfd8 29. Nhf5 b5 30. Rd3 g6 31. Qh4 Rf8 32. Nxd6 Qb6 33. Qh6 Rg8
34. Nc8 Qd8 35. Rxd7 Bxd7 36. Nb6 Rg7 37. Qxg7+ 1-0